[Event "Let's Blitz Again ;-)"]
[Site "SchemingMind.com"]
[Date "2016.09.20"]
[Round "-"]
[White "ray winteringham"]
[Black "Wojtek26"]
[Result "1-0"]
[WhiteCountry "ENG"]
[BlackCountry "POL"]
[WhiteElo "1507"]
[WhiteRD "49"]
[BlackElo "1469"]
[BlackRD "44"]
[GameID "403985"]

1. e4 e5 2. Nf3 Nc6 3. Nc3 Nf6 4. d3 Bb4 5. Bd2 O-O 6. h3 d5 7. Nxd5 Bxd2+ 8. Qxd2 Nxd5 9. exd5 Qxd5 10. Be2 Re8
11. O-O Nd4 12. Nxd4 Qxd4 13. c3 Qh4 14. Qe3 e4 15. Bf3 Bxh3 16. gxh3 exf3 17. Qxf3 Re6 18. Kh2 c6 19. Rg1 Rae8 20. Qg2 Rg6
21. Qf3 Rge6 22. Qg3 Qxg3+ 23. fxg3 Re2+ 24. Rg2 Rxg2+ 25. Kxg2 Re2+ 26. Kf3 Rxb2 27. Ke3 Rh2 28. h4 Rc2 29. c4 f6 30. a4 b6
31. a5 Rb2 32. axb6 axb6 33. Ra8+ Kf7 34. Ra7+ Kg6 35. Rb7 c5 36. Ke4 Rb3 37. h5+ Kxh5 38. Rxg7 Kh6 39. Rb7 Kg6 40. Ke3 h6
41. g4 h5 42. gxh5+ Kxh5 43. Rg7= Kh6 44. Rg1 b5 45. cxb5 Rxb5 46. Rg2
1-0

[Event "Let's Blitz Again ;-)"]
[Site "SchemingMind.com"]
[Date "2016.09.20"]
[Round "-"]
[White "Wojtek26"]
[Black "ray winteringham"]
[Result "1/2-1/2"]
[WhiteCountry "POL"]
[BlackCountry "ENG"]
[WhiteElo "1469"]
[WhiteRD "44"]
[BlackElo "1507"]
[BlackRD "49"]
[GameID "403986"]

1. d4 g6 2. Nf3 Bg7 3. e3 d5 4. Be2 Nf6 5. O-O O-O 6. c4 Be6 7. c5 c6 8. Nbd2 Nbd7 9. b4 b5 10. a3 a6
11. Bb2 Nh5 12. Ne5 Nhf6 13. Ndf3 Ne8 14. h3 h5 15. Ng5 Bf5 16. Nexf7 Rxf7 17. Nxf7 Kxf7 18. f3 a5 19. e4 Be6 20. e5 a4
21. Bd3 Nc7 22. Qd2 Qh8 23. Qg5 Qh6 24. Qg3 Qe3+ 25. Kh1 Qxd3 26. Qf2 Qf5 27. Qe3 g5 28. g4 Qf4 29. Qf2 h4 30. Rg1 Bxe5
31. dxe5 Nxe5 32. Bxe5 Qxe5 33. Rae1 Qf4 34. Re2 Rg8 35. Rge1 Rg6 36. Re5 Qg3 37. Qxg3 hxg3 38. Kg2 Kf6=
1/2-1/2

[Event "Let's Blitz Again ;-)"]
[Site "SchemingMind.com"]
[Date "2016.09.22"]
[Round "-"]
[White "Scooter"]
[Black "kenneth m day"]
[Result "0-1"]
[WhiteCountry "USA"]
[BlackCountry "USA"]
[WhiteElo "1735"]
[WhiteRD "56"]
[BlackElo "1724"]
[BlackRD "56"]
[GameID "404079"]

1. d4 Nf6 2. Nf3 d6 3. Bf4 g6 4. e3 Bg4 5. Be2 Nbd7 6. h3 Bxf3 7. Bxf3 c6 8. O-O Bg7 9. Nd2 Qb6 10. b3 h6
11. c4 O-O-O 12. Qc2 Rde8 13. a3 e5 14. dxe5 dxe5 15. Bg3 h5 16. Ne4 Nxe4 17. Bxe4 f5 18. Bxf5 gxf5 19. Qxf5 h4 20. Bh2 Qxb3
21. Rfd1 Re7 22. c5 Qe6 23. Qc2 Rh5 24. Rd6 Qf7 25. Rad1 Rh6 26. Rxh6 Bxh6 27. Rd6 Bf8 28. Qa4 a6 29. Qxh4 Re8 30. Rh6 Bxh6
0-1

[Event "Let's Blitz Again ;-)"]
[Site "SchemingMind.com"]
[Date "2016.09.23"]
[Round "-"]
[White "kenneth m day"]
[Black "Scooter"]
[Result "1-0"]
[WhiteCountry "USA"]
[BlackCountry "USA"]
[WhiteElo "1724"]
[WhiteRD "56"]
[BlackElo "1735"]
[BlackRD "56"]
[GameID "404080"]

1. e4 c6 2. c4 d5 3. cxd5 cxd5 4. exd5 Qxd5 5. Nc3 Qd8 6. d4 Nf6 7. Bc4 e6 8. Nf3 a6 9. Bg5 Be7 10. Rc1 O-O
11. Qd3 b5 12. Bb3 Bb7 13. Bc2 Nbd7 14. Ne5 Nxe5 15. dxe5 Qxd3 16. Bxd3 Bxg2 17. Rg1 Bb7 18. exf6 Bb4 19. fxg7 Rfc8 20. Bf6
1-0

[Event "Let's Blitz Again ;-)"]
[Site "SchemingMind.com"]
[Date "2016.09.27"]
[Round "-"]
[White "emvarela"]
[Black "Holty"]
[Result "1/2-1/2"]
[WhiteCountry "ARG"]
[BlackCountry "ENG"]
[WhiteElo "1728"]
[WhiteRD "49"]
[BlackElo "1783"]
[BlackRD "65"]
[GameID "404106"]

1. e4 e6 2. d4 d5 3. Nc3 dxe4 4. Nxe4 Bd7 5. Nf3 Bc6 6. Bd3 Nd7 7. O-O Ngf6 8. Bg5 Be7 9. Nxf6+ Bxf6 10. Bxf6 Qxf6
11. c3 O-O-O 12. Be2 g5 13. Nd2 Qg7 14. Bf3 Bxf3 15. Qxf3 c6 16. Nc4 Qf8 17. Ne5 Nxe5 18. dxe5 Qg7 19. Qe3 Kb8 20. Rad1 h6
21. Rd4 Kc7 22. Rfd1 Rd5 23. Rxd5 cxd5 24. Qc5+ Kb8 25. Qd6+ Ka8 26. c4 Qf8 27. Qxf8+ Rxf8 28. cxd5 Rd8 29. d6 Kb8 30. g3 Rd7
31. Rc1 b5 32. f4 f5 33. Kf2 g4 34. Ke3 Kb7 35. Rc5 a6 36. Kd4 Rh7 37. b4 Rd7 38. Rc7+ Rxc7 39. dxc7 Kc8 40. a3 h5
41. Kc3 Kxc7 42. Kd3 Kd7 43. Ke3=
1/2-1/2

[Event "Let's Blitz Again ;-)"]
[Site "SchemingMind.com"]
[Date "2016.09.27"]
[Round "-"]
[White "Holty"]
[Black "emvarela"]
[Result "1-0"]
[WhiteCountry "ENG"]
[BlackCountry "ARG"]
[WhiteElo "1783"]
[WhiteRD "65"]
[BlackElo "1728"]
[BlackRD "49"]
[GameID "404107"]

1. d4 Nf6 2. Nf3 d5 3. e3 e6 4. Bd3 Bd6 5. b3 O-O 6. Bb2 a6 7. O-O b5 8. Ne5 Bxe5 9. dxe5 Nfd7 10. f4 c5
11. Bxh7+ Kxh7 12. Qh5+ Kg8 13. Rf3 f5 14. Rh3 Nf6 15. exf6
1-0

[Event "Let's Blitz Again ;-)"]
[Site "SchemingMind.com"]
[Date "2016.09.23"]
[Round "-"]
[White "Robert Bruce"]
[Black "Stephen Woodhouse"]
[Result "1-0"]
[WhiteCountry "SCO"]
[BlackCountry "ENG"]
[WhiteElo "2260"]
[WhiteRD "67"]
[BlackElo "1891"]
[BlackRD "56"]
[GameID "404160"]

1. c4 e6 2. g3 d5 3. Bg2 Nf6 4. Nf3 c5 5. cxd5 exd5 6. d4 Nc6 7. O-O Be7 8. Nc3 O-O 9. Bg5 c4 10. b3 Qa5
11. Bd2 Bb4 12. Qc2 Qa6 13. e3 Rd8 14. Ne5 Be6 15. bxc4 dxc4 16. Rab1 Be7 17. Rxb7 Qxb7 18. Nxc6 Nd5 19. Nxd8 Rxd8 20. Nxd5 Bxd5
21. e4 Bc6 22. d5 Bb5 23. Rb1 Qa6 24. e5 Bc5 25. Be4 Bd4 26. Bxh7+
1-0

[Event "Let's Blitz Again ;-)"]
[Site "SchemingMind.com"]
[Date "2016.09.23"]
[Round "-"]
[White "Stephen Woodhouse"]
[Black "Robert Bruce"]
[Result "0-1"]
[WhiteCountry "ENG"]
[BlackCountry "SCO"]
[WhiteElo "1891"]
[WhiteRD "56"]
[BlackElo "2260"]
[BlackRD "67"]
[GameID "404161"]

1. e4 g6 2. d4 Bg7 3. Nc3 d6 4. f4 Nc6 5. Nf3 Nf6 6. Bd3 O-O 7. O-O e5 8. dxe5 dxe5 9. f5 Nb4 10. fxg6 hxg6
11. Bg5 Qd6 12. Kh1 Nxd3 13. cxd3 Nh7 14. Bh4 Be6 15. Qe2 Rac8 16. Rac1 c5 17. Ng5 Nxg5 18. Bxg5 f6 19. Be3 b6 20. b3 Rfd8
21. Rfd1 Qd7 22. h4 Bg4 23. Qc2 Bxd1 24. Rxd1 Kf7 25. Nd5 Rh8 26. Qc4 Rxh4+ 27. Kg1 b5 28. Qc2 Qg4 29. Bxc5 Rxc5
0-1

[Event "Let's Blitz Again ;-)"]
[Site "SchemingMind.com"]
[Date "2016.09.29"]
[Round "-"]
[White "Clive Everill"]
[Black "David Perna-Fraser"]
[Result "0-1"]
[WhiteCountry "CZE"]
[BlackCountry "CAN"]
[WhiteElo "1710"]
[WhiteRD "56"]
[BlackElo "2361"]
[BlackRD "76"]
[GameID "404241"]

1. Nf3 Nf6 2. c4 e6 3. Nc3 Bb4 4. Qc2 b6 5. g3 Bb7 6. Bg2 O-O 7. O-O Bxc3 8. Qxc3 c5 9. d4 cxd4 10. Qxd4 Nc6
11. Qh4 Ne7 12. Bg5 Nf5 13. Bxf6 Nxh4 14. Bxd8 Nxf3+ 15. Bxf3 Bxf3 16. exf3 Rfxd8 17. Rad1 Rac8 18. b3 Kf8 19. Rd4 Ke7 20. Rfd1 a6
21. Kg2 b5 22. cxb5 axb5 23. R1d2 d5 24. Rb4 Rc5 25. a4 bxa4 26. bxa4 Ra8 27. Rb7+ Kf6 28. Rd4 Rc4 29. Rb4 Rxd4 30. Rxd4 Ke5
31. Rb4 Ra7 32. f4+ Kd6 33. Kf3 Kc5 34. Rb8 d4 35. Ke4 f5+ 36. Ke5 d3 37. Kxe6 Rxa4 38. Rb2 Kd4 39. Kxf5 Kc3 40. Rb7 d2
41. Rc7+ Rc4 42. Rd7 Rd4 43. Rc7+ Kd3 44. Rxg7 d1=Q 45. Rxh7 Qf3 46. Ra7 Qh5+
0-1

[Event "Let's Blitz Again ;-)"]
[Site "SchemingMind.com"]
[Date "2016.09.29"]
[Round "-"]
[White "David Perna-Fraser"]
[Black "Clive Everill"]
[Result "1-0"]
[WhiteCountry "CAN"]
[BlackCountry "CZE"]
[WhiteElo "2361"]
[WhiteRD "76"]
[BlackElo "1710"]
[BlackRD "56"]
[GameID "404242"]

1. e4 d5 2. exd5 Qxd5 3. Nc3 Qd6 4. Nf3 Nf6 5. d4 a6 6. Be2 Nc6 7. O-O Bg4 8. Be3 e6 9. Qd2 Qd7 10. Rad1 Bb4
11. a3 Ba5 12. b4 Bb6 13. d5 exd5 14. Bxb6 cxb6 15. Qe3+ Be6 16. Na4 Qc7 17. c4 O-O 18. Nxb6 Rad8 19. c5 Rfe8 20. Rfe1 Bg4
21. Qc1 Ne5 22. Nxe5 Bxe2 23. Rxe2 Rxe5 24. Qf4 Rde8 25. g3 Qb8 26. Rxe5 Qxe5 27. Qxe5 Rxe5 28. f4 Re3 29. Nxd5 Rxa3 30. Ne7+ Kf8
31. Nf5 Ne8 32. Rd8 f6 33. Nd6 Re3 34. Kf2 Re7 35. Rb8 h6 36. f5 Re5 37. g4 Re7 38. Kf3 Re5 39. h4 Re7 40. Nxb7 Kf7
41. Nd8+ Kf8 42. Ne6+ Kf7 43. c6 Nc7 44. Rf8#
1-0

[Event "Let's Blitz Again ;-)"]
[Site "SchemingMind.com"]
[Date "2016.09.30"]
[Round "-"]
[White "thefriediceman"]
[Black "Phillip Beckett"]
[Result "1-0"]
[WhiteCountry "USA"]
[BlackCountry "ENG"]
[WhiteElo "2084"]
[WhiteRD "112"]
[BlackElo "1571"]
[BlackRD "55"]
[GameID "404394"]

1. e4 e5 2. Nc3 Nf6 3. g3 Be7 4. Bg2 d6 5. d3 O-O 6. Nge2 Nbd7 7. O-O h6 8. h3 Nh7 9. f4 exf4 10. Nxf4 Nb6
11. Nce2 Be6 12. Nd4 Qd7 13. Ndxe6 fxe6 14. Qg4 e5 15. Ne6 Rf7 16. Rxf7 Kxf7 17. Qxg7+ Kxe6 18. Qxh7 Rf8 19. h4 Rf7 20. Bh3+ Kf6
21. Qxh6#
1-0

[Event "Let's Blitz Again ;-)"]
[Site "SchemingMind.com"]
[Date "2016.09.30"]
[Round "-"]
[White "Phillip Beckett"]
[Black "thefriediceman"]
[Result "0-1"]
[WhiteCountry "ENG"]
[BlackCountry "USA"]
[WhiteElo "1571"]
[WhiteRD "55"]
[BlackElo "2084"]
[BlackRD "112"]
[GameID "404395"]

1. d4 d5 2. e3 c6 3. Bd3 Nd7 4. Nf3 Qc7 5. Nbd2 Ngf6 6. c3 e5 7. dxe5 Nxe5 8. Nxe5 Qxe5 9. Nf3 Qc7 10. O-O Bd6
11. Re1 O-O 12. Qc2 Bg4 13. Be2 Bxf3 14. Bxf3 Bxh2+ 15. Kf1 Bd6 16. g3 Rfe8 17. b3 Ne4 18. Bb2 Re7 19. c4 Ng5 20. Bg2 dxc4
21. bxc4 Rd7 22. Rad1 Rad8 23. f4 Ne6 24. Qc3 Bf8 25. f5 Rxd1 26. fxe6 Rxe1+ 27. Kxe1 Qxg3+ 28. Ke2 Qxg2+ 29. Ke1 Qg1+ 30. Ke2 Qd1+
31. Kf2 Rd2+ 32. Kg3 Qg1+ 33. Kf4 Rf2+ 34. Ke4 Qg6+ 35. Ke5 Qf5+ 36. Kd4 c5#
0-1

[Event "Let's Blitz Again ;-)"]
[Site "SchemingMind.com"]
[Date "2016.10.04"]
[Round "-"]
[White "David Hartley"]
[Black "Kent"]
[Result "0-1"]
[WhiteCountry "ENG"]
[BlackCountry "USA"]
[WhiteElo "1841"]
[WhiteRD "68"]
[BlackElo "2286"]
[BlackRD "98"]
[GameID "404413"]

1. e4 d5 2. exd5 Nf6 3. d4 Nxd5 4. c4 Nb6 5. Nf3 Bg4 6. c5 N6d7 7. h3 Bxf3 8. Qxf3 Nc6 9. Be3 e5 10. dxe5 Bxc5
11. Bxc5 Nxc5 12. Bb5 O-O 13. O-O Nxe5 14. Qe3 Ned7 15. Nc3 Re8 16. Qf4 c6 17. Be2 Nf6 18. Rfe1 Ne6 19. Qc1 Qc7 20. Qc2 Nd4
21. Qb1 Rad8 22. b3 Re5 23. Qb2 Rde8 24. Qd2 Qd7 25. Bd3 Nf3+
0-1

[Event "Let's Blitz Again ;-)"]
[Site "SchemingMind.com"]
[Date "2016.10.04"]
[Round "-"]
[White "Kent"]
[Black "David Hartley"]
[Result "1-0"]
[WhiteCountry "USA"]
[BlackCountry "ENG"]
[WhiteElo "2291"]
[WhiteRD "102"]
[BlackElo "1858"]
[BlackRD "71"]
[GameID "404414"]

1. d4 d5 2. Nf3 Nf6 3. c4 e6 4. g3 dxc4 5. Bg2 Nc6 6. Qa4 Bb4+ 7. Bd2 Nd5 8. Bxb4 Nxb4 9. O-O Rb8 10. Nc3 a6
11. Ne5 O-O 12. Nxc6 Nxc6 13. Bxc6 bxc6 14. Qxc4 Qd6 15. e3 Rxb2 16. Rab1 Rb6 17. Na4 Rb5 18. Nc3 Rb6 19. Rfc1 e5 20. dxe5 Qxe5
21. Rxb6 cxb6 22. Qxc6 b5 23. Nxb5 Qxb5 24. Qxc8 g6 25. Qc2 Rb8 26. a4 Qb6 27. Qc6 Qa5 28. Rc5 Rb1+ 29. Kg2 Qe1 30. Qxa6 Rb2
31. Qf6 Rb8 32. a5 Qb4 33. Qe5 Qb7+ 34. e4 Rf8 35. Qd5 Qa7 36. Qc6 Ra8 37. e5 Qb8 38. e6 fxe6 39. Qxe6+ Kf8 40. a6 Qd8
41. Rc6
1-0

[Event "Let's Blitz Again ;-)"]
[Site "SchemingMind.com"]
[Date "2016.10.16"]
[Round "-"]
[White "Robert Bruce"]
[Black "thefriediceman"]
[Result "1-0"]
[WhiteCountry "SCO"]
[BlackCountry "USA"]
[WhiteElo "2288"]
[WhiteRD "63"]
[BlackElo "2066"]
[BlackRD "112"]
[GameID "405228"]

1. f4 d5 2. Nf3 Nf6 3. e3 g6 4. b4 Bg7 5. Bb2 O-O 6. Be2 b6 7. O-O Bb7 8. Na3 Nbd7 9. Rb1 c5 10. bxc5 Nxc5
11. Nb5 a6 12. Nbd4 Rc8 13. f5 Nfe4 14. d3 Nd6 15. Qe1 e5 16. fxe6 fxe6 17. Nb3 Nxb3 18. Bxg7 Kxg7 19. Rxb3 Nf5 20. Bd1 Qd6
21. g4 Ne7 22. Qg3 Qxg3+ 23. hxg3 Rc6 24. Ne5 Rxf1+ 25. Kxf1 Rd6 26. a4 Bc8 27. g5 Kf8 28. Be2 Kg7 29. Kf2 Kf8 30. d4 Kg7
31. Rc3 Kf8 32. Rc7 Ke8 33. Ra7 a5 34. Bb5+ Kf8 35. Ra8 Kg7 36. c4
1-0

[Event "Let's Blitz Again ;-)"]
[Site "SchemingMind.com"]
[Date "2016.10.16"]
[Round "-"]
[White "thefriediceman"]
[Black "Robert Bruce"]
[Result "1-0"]
[WhiteCountry "USA"]
[BlackCountry "SCO"]
[WhiteElo "2084"]
[WhiteRD "112"]
[BlackElo "2260"]
[BlackRD "67"]
[GameID "405229"]

1. e4 Nf6 2. Nc3 e5 3. g3 d5 4. exd5 Nxd5 5. Bg2 Nxc3 6. bxc3 Nc6 7. Ne2 Be6 8. O-O Bd5 9. d3 Bxg2 10. Kxg2 Qd5+
11. Kg1 O-O-O 12. Be3 Qf3 13. Nc1 h5 14. Qxf3
1-0

[Event "Let's Blitz Again ;-)"]
[Site "SchemingMind.com"]
[Date "2016.11.02"]
[Round "-"]
[White "David Perna-Fraser"]
[Black "kenneth m day"]
[Result "1-0"]
[WhiteCountry "CAN"]
[BlackCountry "USA"]
[WhiteElo "2361"]
[WhiteRD "76"]
[BlackElo "1705"]
[BlackRD "56"]
[GameID "405869"]

1. e4 e5 2. Nf3 Nc6 3. Bc4 Bc5 4. O-O Nf6 5. d3 O-O 6. c3 d6 7. a4 a6 8. b4 Ba7 9. h3 Be6 10. Bxe6 fxe6
11. Nbd2 d5 12. Bb2 Qe8 13. b5 axb5 14. axb5 Ne7 15. c4 Bc5 16. Bxe5 Ng6 17. Rxa8 Qxa8 18. Bxc7 Nf4 19. Bxf4 Qa3 20. Qb3 Bd6
21. Bxd6 Qxd6 22. e5
1-0

[Event "Let's Blitz Again ;-)"]
[Site "SchemingMind.com"]
[Date "2016.11.02"]
[Round "-"]
[White "kenneth m day"]
[Black "David Perna-Fraser"]
[Result "0-1"]
[WhiteCountry "USA"]
[BlackCountry "CAN"]
[WhiteElo "1705"]
[WhiteRD "56"]
[BlackElo "2361"]
[BlackRD "76"]
[GameID "405870"]

1. e4 e5 2. f4 exf4 3. Nf3 d5 4. exd5 Nf6 5. Bc4 Nxd5 6. d4 Be6 7. Qe2 Bb4+ 8. Bd2 O-O 9. O-O Bxd2 10. Nbxd2 Ne3
11. Bxe6 fxe6 12. Rfc1 Nc6 13. c3 Qd5 14. Nf1 Nf5 15. Re1 Rae8 16. Ng5 Nfxd4 17. cxd4 Qxg5 18. Qf3 Nxd4 19. Qxb7 f3 20. Ng3 f2+
0-1

[Event "Let's Blitz Again ;-)"]
[Site "SchemingMind.com"]
[Date "2016.11.03"]
[Round "-"]
[White "Kent"]
[Black "ray winteringham"]
[Result "1-0"]
[WhiteCountry "USA"]
[BlackCountry "ENG"]
[WhiteElo "2291"]
[WhiteRD "102"]
[BlackElo "1470"]
[BlackRD "52"]
[GameID "405946"]

1. d4 g6 2. e4 Bg7 3. Nc3 e6 4. f4 d6 5. Nf3 b6 6. Be3 Ne7 7. Qd2 Bb7 8. O-O-O Nd7 9. Kb1 c5 10. Nb5 Qb8
11. dxc5 O-O 12. cxd6 Nc6 13. Nc7 a5 14. Nxa8 Qxa8 15. Bb5 a4 16. a3 Rd8 17. e5 Ba6 18. Bxa6 Qxa6 19. h4 Qb5 20. h5 f6
21. hxg6 hxg6 22. Nd4 Nxd4 23. Bxd4 fxe5 24. fxe5 Nxe5 25. Qc3 Rxd6 26. Qc8+ Kf7 27. Rh7 Rxd4 28. Rxd4 Qf1+ 29. Ka2 Qf6 30. Rxa4 b5
31. Ra7+
1-0

[Event "Let's Blitz Again ;-)"]
[Site "SchemingMind.com"]
[Date "2016.11.03"]
[Round "-"]
[White "ray winteringham"]
[Black "Kent"]
[Result "0-1"]
[WhiteCountry "ENG"]
[BlackCountry "USA"]
[WhiteElo "1470"]
[WhiteRD "52"]
[BlackElo "2291"]
[BlackRD "102"]
[GameID "405947"]

1. e4 e6 2. d4 d5 3. e5 c5 4. c3 Nc6 5. Nf3 Qb6 6. b3 cxd4 7. cxd4 Bb4+ 8. Bd2 Nxd4 9. Nxd4 Qxd4 10. Bb5+ Bd7
11. Bxd7+ Kxd7 12. a3 Qxa1 13. Bxb4 Qxe5+ 14. Qe2 Qxe2+ 15. Kxe2 f6 16. Re1 Ne7 17. Kf1 e5 18. f4 Nc6 19. fxe5 fxe5 20. Nc3 Nxb4
21. axb4 Ke6 22. Nb5 Rhf8+ 23. Kg1 Rac8 24. Nxa7 Rc2 25. Rf1 Rxf1+ 26. Kxf1 d4 27. Nb5 d3 28. Ke1 Kf5 29. Nd4+ exd4
0-1

[Event "Let's Blitz Again ;-)"]
[Site "SchemingMind.com"]
[Date "2016.11.13"]
[Round "-"]
[White "Robert Bruce"]
[Black "Holty"]
[Result "1-0"]
[WhiteCountry "SCO"]
[BlackCountry "ENG"]
[WhiteElo "2288"]
[WhiteRD "63"]
[BlackElo "1769"]
[BlackRD "66"]
[GameID "406212"]

1. f4 g6 2. Nf3 d5 3. e3 Bg7 4. Be2 Nf6 5. O-O O-O 6. d3 c5 7. Qe1 Nc6 8. c3 b6 9. Nbd2 Ng4 10. Nb3 a5
11. a4 f6 12. e4 dxe4 13. dxe4 Bb7 14. Qg3 Nh6 15. f5 g5 16. h4 Qd6 17. Bc4+ Kh8 18. Qxd6 exd6 19. hxg5 Nf7 20. Bd5 h6
21. g6 Nfe5 22. Nxe5 dxe5 23. Rf3 Rab8 24. Rh3 Ne7 25. Bxb7 Rxb7 26. Bxh6 Rd8 27. Nd2 Bxh6 28. Rxh6+ Kg7 29. Rh7+ Kg8 30. Nc4 Rbd7
31. Nxb6 Rd1+ 32. Rxd1 Rxd1+ 33. Kh2 Nc6 34. Nd5 Kf8 35. g7+ Kf7 36. Nxf6
1-0

[Event "Let's Blitz Again ;-)"]
[Site "SchemingMind.com"]
[Date "2016.11.13"]
[Round "-"]
[White "Holty"]
[Black "Robert Bruce"]
[Result "0-1"]
[WhiteCountry "ENG"]
[BlackCountry "SCO"]
[WhiteElo "1769"]
[WhiteRD "66"]
[BlackElo "2288"]
[BlackRD "63"]
[GameID "406213"]

1. d4 f5 2. Bg5 h6 3. Bh4 g5 4. e3 Nf6 5. Bg3 d6 6. h4 Rg8 7. Nc3 Bd7 8. Bc4 Rg6 9. Qe2 e6 10. O-O-O Nc6
11. d5 exd5 12. Nxd5 Nxd5 13. Bxd5 Qf6 14. hxg5 hxg5 15. f4 Bg7 16. c3 O-O-O 17. Nf3 g4 18. Bh4 gxf3 19. Qxf3 Qf8 20. Bxd8 Nxd8
21. Qf2 Kb8 22. Qc2 Ne6 23. Bf3 Nc5 24. b3 Bc6 25. Bxc6 bxc6 26. Rdf1 Ne4 27. Rf3 d5 28. Rd1 Nxc3 29. Rd3 Qa3+ 30. Kd2 Rxg2+
0-1

[Event "Let's Blitz Again ;-)"]
[Site "SchemingMind.com"]
[Date "2016.11.25"]
[Round "-"]
[White "David Perna-Fraser"]
[Black "Kent"]
[Result "1/2-1/2"]
[WhiteCountry "CAN"]
[BlackCountry "USA"]
[WhiteElo "2328"]
[WhiteRD "74"]
[BlackElo "2335"]
[BlackRD "95"]
[GameID "406763"]

1. e4 d5 2. exd5 Nf6 3. d4 Nxd5 4. Nf3 g6 5. c4 Nb6 6. Nc3 Bg7 7. h3 O-O 8. Be2 Nc6 9. Be3 e5 10. d5 Ne7
11. g4 f5 12. Qb3 e4 13. Ng5 h6 14. Ne6 Bxe6 15. dxe6 f4 16. Bc5 f3 17. Bf1 Bxc3+ 18. bxc3 Kh7 19. a4 Nbc8 20. Rd1 Nd6
21. Bxd6 cxd6 22. Qxb7 Kg8 23. Qxe4 Qa5 24. Rc1 Rae8 25. Bd3 Rf6 26. O-O Qg5 27. Rfd1 Rf4 28. Qe3 h5 29. Rb1 hxg4 30. h4 Qf6
31. Rb5 Rf8 32. Rg5 g3 33. Rxg3 Rxh4 34. Be4 Nf5 35. Bxf5 Qxf5 36. e7 Re8 37. Qxf3 Qxf3 38. Rxf3 Rxc4 39. Rxd6 Kg7 40. Rg3 Kf7
41. Rdxg6 Rxa4 42. Rg7+ Ke6 43. R3g6+ Kd7 44. Rg4 Rxg4+ 45. Rxg4 Rxe7 46. Ra4 Kc6 47. Kg2 Kb5 48. Ra3 a5 49. f4 a4 50. Kf3 Ra7
51. Ke4 Kc6 52. Ke5 Kd7 53. c4 Ra5+ 54. Kf6 Kd6 55. f5 Kc5 56. Kg7 Kxc4 57. f6 Ra7+ 58. Kg8 Kb4 59. Ra1 Kb3 60. f7 Rxf7
61. Kxf7=
1/2-1/2

[Event "Let's Blitz Again ;-)"]
[Site "SchemingMind.com"]
[Date "2016.11.25"]
[Round "-"]
[White "Kent"]
[Black "David Perna-Fraser"]
[Result "1-0"]
[WhiteCountry "USA"]
[BlackCountry "CAN"]
[WhiteElo "2332"]
[WhiteRD "101"]
[BlackElo "2323"]
[BlackRD "72"]
[GameID "406764"]

1. e4 e5 2. Nc3 Nf6 3. g3 Bb4 4. Bg2 O-O 5. Nge2 d6 6. O-O Nc6 7. d3 h6 8. a3 Bc5 9. b4 Bb6 10. Na4 Bg4
11. h3 Bh5 12. Nxb6 axb6 13. g4 Bg6 14. b5 Nb8 15. f4 Nbd7 16. f5 Bh7 17. Nc3 Ne8 18. Be3 Kh8 19. Qd2 f6 20. h4 Nc5
21. Bf3 Na4 22. Nxa4 Rxa4 23. c4 Qe7 24. Bd1 Ra8 25. a4 Ra5 26. Qb4 Bg8 27. g5 fxg5 28. hxg5 hxg5 29. Qd2 g4 30. Qh2+ Bh7
31. Bxg4 Nf6 32. Qh4 Rfa8 33. Bd1 Kg8 34. Bg5 d5 35. Rf3 dxe4 36. Rg3 Rf8 37. dxe4 Qc5+ 38. Kg2
1-0

[Event "Let's Blitz Again ;-)"]
[Site "SchemingMind.com"]
[Date "2017.01.20"]
[Round "-"]
[White "Kent"]
[Black "Robert Bruce"]
[Result "1-0"]
[WhiteCountry "USA"]
[BlackCountry "SCO"]
[WhiteElo "2321"]
[WhiteRD "90"]
[BlackElo "2362"]
[BlackRD "69"]
[GameID "409483"]

1. e4 Nf6 2. Nc3 e5 3. f4 Nc6 4. fxe5 Nxe5 5. d4 Ng6 6. e5 Ng8 7. Nf3 c6 8. Bc4 d5 9. exd6 Bxd6 10. O-O Nf6
11. Bg5 O-O 12. Bxf6 gxf6 13. Qd3 Kh8 14. Rae1 Rg8 15. g3 Nf4 16. Qd2 Bh3 17. Rf2 Bg4 18. Kh1 Nh3 19. Rff1 Rg7 20. Ne4 Be7
21. Nh4 Be6 22. Bb3 a5 23. Nf5 Bxf5 24. Rxf5 Qd7 25. Ref1 a4 26. Bc4 b5 27. Bd3 a3 28. b3 Qxd4 29. Qh6 Ng5 30. Nxg5 fxg5
31. Qxc6 Rf8 32. Qxb5 f6 33. Rd5 Qc3 34. Rd7 Qc5 35. Qb7 Qe3 36. c4 Re8 37. Qc6 Rf8 38. Qd5 h5 39. Qf5 Qe5 40. Rd5 Qxf5
41. Rfxf5 Bb4 42. c5 Rc7 43. h4 Rfc8 44. hxg5 fxg5 45. Rxg5 Rxc5 46. Rxh5+ Kg8 47. Rxc5 Rxc5 48. Rxc5 Bxc5 49. Kg2 Kf7 50. Kf3 Ke6
51. Ke4 Kd6 52. g4 Bb4 53. g5 Bc3 54. Bc4 Ke7 55. Kd5 Kd7 56. g6 Ke7 57. Kc5 Bg7 58. b4 Bf8 59. Bf7 Kd7+ 60. Kb5 Bg7
61. Kb6 Kc8 62. Kc6 Bf6 63. b5 Kd8 64. b6 Ke7 65. Kc7
1-0

[Event "Let's Blitz Again ;-)"]
[Site "SchemingMind.com"]
[Date "2017.01.20"]
[Round "-"]
[White "Robert Bruce"]
[Black "Kent"]
[Result "1-0"]
[WhiteCountry "SCO"]
[BlackCountry "USA"]
[WhiteElo "2362"]
[WhiteRD "69"]
[BlackElo "2321"]
[BlackRD "90"]
[GameID "409484"]

1. c4 Nf6 2. g3 e6 3. Bg2 d5 4. Nf3 Be7 5. O-O O-O 6. b3 b6 7. Bb2 Bb7 8. e3 c5 9. Nc3 dxc4 10. bxc4 Nc6
11. Qe2 Qc7 12. d3 Rad8 13. Rfd1 Rd7 14. Ne1 Rfd8 15. f4 Ne8 16. Ne4 Nd6 17. Nf2 Nf5 18. Nf3 f6 19. Bh3 Nb4 20. e4 Qc6
21. a3 Nxd3 22. Rxd3 Rxd3 23. Nxd3 Qxe4 24. Qxe4 Bxe4 25. Nde1 Kf7 26. Kf2 Nd6 27. Nd2 Bb7 28. Nef3 Nf5 29. a4 a5 30. Ra3 Bc6
31. Nf1 Nd4 32. Ne1 Bd6 33. Bg2 Bd7 34. Ne3 Bc7 35. Nf3 Be8 36. Ng1 Nc6 37. Bc3 Nd4 38. Be4 h6 39. h4 f5 40. Bg2 Kg6
41. Nf3 Nc6 42. Ne1 Nd4 43. N3c2 Nc6 44. Bb2 Nb4 45. Ke2 Bd6 46. Ne3 Kf7 47. Nf3 Be7 48. Ba1 Bf6 49. Ne5+ Ke7 50. Bf3 g5
51. hxg5 hxg5 52. Bc3 gxf4 53. gxf4 Bg7 54. Ra1 Bf7 55. Ng6+ Bxg6 56. Bxg7 Rd3 57. Be5 Rxe3+ 58. Kxe3 Nc2+ 59. Kf2 Nxa1 60. Bxa1 Be8
61. Bd1 Bc6 62. Bg7 Kd7 63. Be5 Kc8 64. Kg3 Be4 65. Bf3
1-0